|
|
|
|
| LEADER |
00000naa2a2200000 4500 |
| 001 |
183181 |
| 005 |
20251205105614.0 |
| 035 |
|
|
|a (RuTPU)RU\TPU\book\198561
|
| 090 |
|
|
|a 183181
|
| 100 |
|
|
|a 20100702d2004 k y0rusy50 ca
|
| 101 |
0 |
|
|a rus
|
| 102 |
|
|
|a RU
|
| 200 |
1 |
|
|a Исследование схем накачки лазера на парах свинца
|f С. В. Щаденко, О. В. Жданеев
|
| 320 |
|
|
|a Библиогр.: 1 назв.
|
| 461 |
|
1 |
|0 (RuTPU)RU\TPU\book\66154
|t Современные техника и технологии
|o X Юбилейная международная научно-практическая конференция студентов, аспирантов и молодых ученых, посвященная 400-летию г. Томска, Томск, 29 марта - 2 апреля 2004 г.
|o труды
|f Томский политехнический университет
|d 2004
|
| 463 |
|
0 |
|0 (RuTPU)RU\TPU\book\65882
|t Т. 1
|v С. 135-136
|d 2004
|
| 610 |
1 |
|
|a лазеры
|
| 610 |
1 |
|
|a накачка
|
| 610 |
1 |
|
|a схемы
|
| 610 |
1 |
|
|a пары свинца
|
| 610 |
1 |
|
|a параметры
|
| 610 |
1 |
|
|a труды учёных ТПУ
|
| 700 |
|
1 |
|a Щаденко
|b С. В.
|c специалист в области электроники
|c ассистент Томского политехнического университета
|f 1981-
|g Сергей Владимирович
|3 (RuTPU)RU\TPU\pers\34921
|
| 701 |
|
1 |
|a Жданеев
|b О. В.
|c специалист в области электроники
|c ассистент Томского политехнического университета, кандидат физико-математических наук
|f 1978-
|g Олег Валерьевич
|3 (RuTPU)RU\TPU\pers\26475
|
| 801 |
|
1 |
|a RU
|b 63413507
|c 20100702
|
| 801 |
|
2 |
|a RU
|b 63413507
|c 20150626
|g RCR
|
| 942 |
|
|
|c BK
|